McLuhan /

Uloženo v:
Podrobná bibliografie
Hlavní autor: Miller, Jonathan (autor)
Médium: Kniha
Jazyk:španělština
Vydáno: Barcelona, España : Grijalbo, 1973, c1972
Edice:(Maestros del Pensamiento Contemporáneo ; 3)
Témata:
Tagy: Přidat tag
Žádné tagy, Buďte první, kdo vytvoří štítek k tomuto záznamu!

MARC

LEADER 00000nam^a2200000^a^4500
001 000001892
005 20250521000000.0
009 20260310083124.79
037 |a Acervo ITESO - Biblioteca 
041 |a ESP 
082 |a 302. 2301  |b MIL 
100 |a Miller, Jonathan  |e (autor) 
245 1 0 |a McLuhan /  |c J. Miller ; tr. por Laura Pla y J.M. Bermudo. 
264 4 |a Barcelona, España :  |b Grijalbo,  |c 1973, c1972 
300 |a 192 p. 
336 |a texto  |b txt  |2 rdacontenido 
337 |a sin mediación  |b n  |2 rdamedio 
338 |a volumen  |b nc  |2 rdasoporte 
440 1 |a (Maestros del Pensamiento Contemporáneo ;  |v 3) 
500 |a Traducción de: McLuhan 
649 |a XX 
650 |a Comunicólogos y Comunicadores Canadienses 
650 |a Sociedad Postindustrial 
650 |a Tecnología y Sociedad 
650 |a Medios de Comunicación 
650 |a Comunicación Masiva 
650 |a Cambios Sociales y Culturales 
650 |a Sociología de la Cultura 
650 |a Sociología de la Comunicación 
650 |a McLuhan, Marshall 
910 |a Fondo General 
920 |a Impresos - Libros 
930 |a Colección General 
905 |a 101 
901 |a 0018920100  |b IT1  |c ACC  |i 001892  |u 20250521 
901 |a 0018920300  |b IT1  |c ACC  |i 906290  |u 20250521 
902 |a https://opac.biblio.iteso.mx/vufind/Record/000001892